Derecho constitucional (Registro nro. 6862)
[ vista simple ]
| 000 -LEADER | |
|---|---|
| fixed length control field | 01069 a2200217 4500 |
| 001 - CONTROL NUMBER | |
| control field | 59966 |
| 005 - DATE AND TIME OF LATEST TRANSACTION | |
| control field | 20260407155852.0 |
| 008 - FIXED-LENGTH DATA ELEMENTS--GENERAL INFORMATION | |
| fixed length control field | 260407a1959 arg spa d |
| 003 - CONTROL NUMBER IDENTIFIER | |
| control field | AR-UNSa-BCEJYS |
| 040 ## - CATALOGING SOURCE | |
| Original cataloging agency | AR-UNSa-BCEJYS |
| Language of cataloging | spa |
| Transcribing agency | AR-UNSa-BCEJYS |
| 080 ## - UNIVERSAL DECIMAL CLASSIFICATION NUMBER | |
| Universal Decimal Classification number | 342 |
| Common auxiliary subdivision | Derecho constitucional (Derecho Público) |
| 041 ## - LANGUAGE CODE | |
| Language code of text/sound track or separate title | spa |
| 100 1# - MAIN ENTRY--PERSONAL NAME | |
| Personal name | Bielsa, Rafael |
| 245 10 - TITLE STATEMENT | |
| Title | Derecho constitucional |
| 250 ## - EDITION STATEMENT | |
| Edition statement | 3a. ed. |
| 264 #1 - PRODUCTION, PUBLICATION, DISTRIBUTION, MANUFACTURE, AND COPYRIGHT NOTICE | |
| Place of production, publication, distribution, manufacture | Buenos Aires : |
| Name of producer, publisher, distributor, manufacturer | Roque Depalma Editor |
| Date of production, publication, distribution, manufacture, or copyright notice | 1959 |
| 300 ## - PHYSICAL DESCRIPTION | |
| Extent | xl, 909 p. |
| Dimensions | 22 cm. |
| 505 ## - FORMATTED CONTENTS NOTE | |
| Formatted contents note | 1. Nociones preliminares – 2. Derecho Constitucional – 3. La Constitución – 4. El Estado. Soberanía y poderes – 5. La soberanía y la organización política – 6. La igualdad ante la ley – 7. Derechos, declaraciones y garantías – 8. Garantías de seguridad y defensa personal – 9. Poder Legislativo – 10. Atribuciones del Congreso – 11. Poder Ejecutivo – 12. Poder Judicial – 13. Gobierno nacional – 14. Gobierno provincial – 15. Régimen municipal - |
| 590 ## - LOCAL NOTE (RLIN) | |
| Local note | niveau_biblio:m niveau_hierar:0 |
| 942 ## - ADDED ENTRY ELEMENTS (KOHA) | |
| Koha item type | |
| Withdrawn status | Lost status | Damaged status | Not for loan | Home library | Current library | Shelving location | Date acquired | Total checkouts | Full call number | Barcode | Date last seen | Price effective from | Koha item type |
|---|---|---|---|---|---|---|---|---|---|---|---|---|---|
| Biblioteca Prof. Eusebio Cleto del Rey | Biblioteca Prof. Eusebio Cleto del Rey | 07/04/2026 | 342 B587 3ed. | L20809 | 07/04/2026 | 07/04/2026 | Libro | ||||||
| Biblioteca Prof. Eusebio Cleto del Rey | Biblioteca Prof. Eusebio Cleto del Rey | 07/04/2026 | 342 B587 3ed. | L44490 | 07/04/2026 | 07/04/2026 | Libro |